Multiple Choice City Quiz – Anaheim - Statistics

General Stats
  • This quiz has been taken 43 times
  • The average score is 5 of 10
Answer Stats
Question Answer % Correct
What does the "heim" mean in Anaheim? Home
88%
What league do the Anaheim Ducks play for? The NHL
88%
Anaheim is home to the Disneyland Resort. What is it's motto? The Happiest Place on Earth
59%
What famous center is located in Anaheim? The Honda Center
59%
Which one of these cities does not border Anaheim? Brea
44%
What is Anaheim known as? The duck capital of the World
31%
One of the areas of Anaheim is called Little... Arabia
28%
Which Atlanta Braves player was born in Anaheim? Kolby Allard
28%
The Van Doren Rubber Company originated in Anaheim in 1966. Where is it headquartered now? Costa Mesa
22%
What year was the Anaheim city hall built? 1871
13%
No matching quizzes found
Score Distribution
Percent of People with Each Score
Percentile by Number Answered
Your Score History
You have not taken this quiz